000 00759nam a2200193Ia 4500
001 8386
003 GE_BSU
008 181216s||||||||xx |||||||||||||| ||und||
040 _cGE_BSU
080 _a821.353.1-32
100 _aერისთავი–ხოშტარია,ანასტასია
245 _aთხზულებანი. ტ.3 საბავშვო მოთხრობები მოგონებანი
260 _aთბილისი
260 _bსაბჭოთა საქართველო
260 _c1961
300 _a375გვ.ილ.21სმ.
653 _aთხზულებანი. საბავშვო მოთხრობები მოგონებანი
942 _cBK
999 _c41709
_d41709